1112 1906 1128 1949 1689 1590 1989 1156 1734 1908 1678 1016 1651 1759 1237 1773 1204 1421 1782 1744 1806 1439 1907 1463 1572 1519 1879 1665 1309 1205 1265 1896 1657 1803 1687 1909 1880 1286 1942 1426 1119 1764 1480 1527 1852 1335 1711 1586 1548 1806 1935 1727 1060 1601 1762 1516 1972 1878 1708 1240 1138 1676 1807 1216 1650 1589 1736 1400 1327 1799 1027 1970 1595 1450 1252 1862 1265 1238 1799 1426 1477 1034 1330 1007 1435 1747 1120 1461 1563 1017 1602 1204 1416 1940 1898 1665 1381 1587 1133 BCNSPRNW ULIB Ver.6.0+V

เปลี่ยนเป็นภาษาไทย

Change to English
 แสดงรายละเอียดบรรณานุกรม
  กลับหน้าหลัก

Brief Record : Get Marc (ISO 2709) : E-mail record : QR code < ปิดหน้าต่าง
LEADER : 00000nam 2200000uu 4500
001    13399125179
003     ULIB
008    161031s2554||||th 000 0 tha d
050  0 ^aBQ4570 ป451น
100  ^ aหลวงพ่อปราโมทย์ ปาโมชฺโช.
245  ^ ^aปฏิบัติภาวนาเพื่ออะไร / ^cธรรมเทศนาโดย หลวงพ่อปราโมทย์ ปาโมชฺโช.
250    พิมพ์ครั้งที่ 7
260  ^ aกรุงเทพฯ :^bสำนักพิมพ์ธรรมดา,^c2554
945    ^p0^l0^i001444
999    ^aวรรณษา ชูชัยมงคล
รายการนี้ยังไม่มีแท็ก
คุณยังไม่ได้ล็อกอิน คุณสามารถมีกิจกรรมร่วมกับเว็บไซต์ได้ แต่ต้องล็อกอินก่อน ::
  ล็อกอิน

รายการสื่อสารสนเทศ

ลำดับที่ ประเภท เลขเรียก/บาร์โค้ด สถานที่ สถานะ
1. การศึกษาทั่วไป
การศึกษาทั่วไป
BQ4570 ป451น ฉ.1 
  Barcode: 001444
ห้องสมุดวิทยาเขตสวรรค์ประชารักษ์
►หนังสือทั่วไป
บนชั้น

รายการใกล้เคียง
    ผู้แต่ง [aหลวงพ่อปราโมทย์ ปาโมชฺโช.]

BibComment


ยังไม่เคยถูกคอมเมนท์

คอมเมนท์ทรัพยากรรายการนี้
  คอมเมนท์: ปฏิบัติภาวนาเพื่..


 Copyright 2026. Bcnsprnw @Library